Central bank communication, decision making, and governance : (Record no. 15399)
[ view plain ]
| 000 -LEADER | |
|---|---|
| fixed length control field | 00487nam a22001457a 4500 |
| 003 - CONTROL NUMBER IDENTIFIER | |
| control field | URS |
| 005 - DATE AND TIME OF LATEST TRANSACTION | |
| control field | 20220114172008.0 |
| 008 - FIXED-LENGTH DATA ELEMENTS--GENERAL INFORMATION | |
| fixed length control field | 190223b xxu||||| |||| 00| 0 eng d |
| 020 ## - INTERNATIONAL STANDARD BOOK NUMBER | |
| International Standard Book Number | 9780262018937 |
| 050 14 - LIBRARY OF CONGRESS CALL NUMBER | |
| Classification number | HG 1811 |
| Item number | C393 |
| 100 1# - MAIN ENTRY--PERSONAL NAME | |
| Personal name | Pierre L. Siklos. |
| Dates associated with a name | 2013 |
| Relator term | author |
| 245 10 - TITLE STATEMENT | |
| Title | Central bank communication, decision making, and governance : |
| Remainder of title | issues. challengees, and case studies / |
| Statement of responsibility, etc. | Pierre L. Siklos. |
| 264 #1 - PRODUCTION, PUBLICATION, DISTRIBUTION, MANUFACTURE, AND COPYRIGHT NOTICE | |
| Place of production, publication, distribution, manufacture | United States of America : |
| Name of producer, publisher, distributor, manufacturer | MIT Press, |
| Date of production, publication, distribution, manufacture, or copyright notice | ©2013. |
| 942 ## - ADDED ENTRY ELEMENTS (KOHA) | |
| Source of classification or shelving scheme | Library of Congress Classification |
| Koha item type | Foreign Books |
| Withdrawn status | Source of classification or shelving scheme | Damaged status | Not for loan | Collection code | Home library | Current library | Shelving location | Date acquired | Total Checkouts | Full call number | Barcode | Date last seen | Price effective from | Koha item type |
|---|---|---|---|---|---|---|---|---|---|---|---|---|---|---|
| Library of Congress Classification | Non-fiction | Binangonan College Library | Binangonan College Library | Foreign Section | 06/07/2023 | HG 1811 C393 | URSBIN-02500 | 02/23/2019 | 02/23/2019 | Foreign Books |